LEADER 01081nam a2200241 i 4500 001 000000135293 003 CaOOAMICUS 005 20060622000000.0 008 060622s1942 it u000 u ita u 013 $a108625 040 $aSeMil$bita 100 1 $aShelley, Percy Bysshe,$d<1792-1822>.$0(OLS)http://semarc/name/8650 245 10$aPrometeo liberato :$bversione col testo a fronte /$cP. B. Shelley ; introduzione e commento a cura di Raffaello Piccoli. 260 $aFirenze :$bSansoni,$cstampa 1942. 300 $aXXXVII, 288 p. ;$c16 cm. 490 0 $aBiblioteca sansoniana straniera ;$v36 700 1 $aPiccoli, Raffaello,$d<1888-1933>.$0(OLS)http://semarc/name/55239 830 0$aBiblioteca sansoniana straniera ;$v36.$0(OLS)http://semarc/title/19727 850 $aSeMil 852 $aSeMil$W1$xVenegono$y1$m1W I 39$j88974$B88974$CSeMilBibl$Z2$F93583 $81 961 $aLascito: Gogna prof.ssa Silvia 996 $6245$aPrometeo liberato :$bversione col testo a fronte$9(OLS)http://semarc/title/197897 996 $6260$aFirenze :$bSansoni$9(OLS)http://semarc/publisher/29843 LEADER 01334nam a2200301 i 4500 001 000000042519 003 CaOOAMICUS 005 20250619091650.0 008 090416s1993 it u000 u ita u 013 $a13689 020 $a88-8155-143-8 040 $aSeMil$bita 100 1 $aCammilleri, Rino$b<1950- >.$0(OLS)http://semarc/name/20063 245 12$aI mostri della ragione :$bdai Greci al Sessantotto : viaggio tra deliri di utopisti & rivoluzionari /$cRino Cammilleri ; prefazione di Vittorio Messori. 250 $a2. ed. 260 $aMilano :$bAres,$c1993. 300 $a238 p. ;$c20 cm. 490 0 $aFaretra : riflessioni su temi fondamentali ;$v13 650 4$aRivoluzionari - Storia.$0(OLS)http://semarc/subject/9068 700 1 $aMessori, Vittorio,$d<1941- >.$0(OLS)http://semarc/name/16978 830 0$aFaretra ;$v13.$0(OLS)http://semarc/title/13588 850 $aSeMil 852 $aSeMil$W1$xVenegono$y1$m3W I 61$j258607$B8674$CSeMilBibl$Z2$F8674 $81 961 $aOmaggio: Ampollini Maurizio 996 $6020$a88-8155-143-8$9(OLS)http://semarc/number/13835 996 $6245$aI mostri della ragione :$bdai Greci al Sessantotto : viaggio tra deliri di utopisti & rivoluzionari$9(OLS)http://semarc/title/62059 996 $6260$aMilano :$bAres$9(OLS)http://semarc/publisher/30250